000 00478nam a22001817a 4500
003 UA-OsUOA
001 15120
007 ta
008 20031031b un ||||| |||| 00| 0 ukr d
100 _aБасараба В.
942 _cSA
040 _aUA-OsUOA
_cUA-OsUOA
_dUA-OsUOA
245 _aКобзареві: [Вірш]
300 _aС.3
955 _a0
773 0 _w0
_tПрапор перемоги
_dРадивилів
_d2003
_g№71/ 9 верес./
650 7 _aВірші
_2UDC
999 _c301285
_d301285